三線軌条が通過する駅 - Statistics

General Stats
  • This quiz has been taken 91 times
  • The average score is 3 of 6
Answer Stats
駅名 % Correct
入生田
59%
金沢八景
54%
六浦
54%
神宮寺
46%
刈和野
43%
峰吉川
37%
No matching quizzes found
Score Distribution
Percent of People with Each Score
Percentile by Number Answered
Your Score History
You have not taken this quiz